000 00867nam a22003017a 4500
001 BR9803848
003 BR-BrBNA
005 20230928100033.0
007 ta
008 230509b bl.||||| |||| 00| 0 por d
040 _aBR-BrBNA
_bpor
_cBiblioteca Nacional de Agricultura
041 _a(Por)
072 _aD50; P01
090 _ D50 BR9803848
110 1 _aFundacao Estadual do Meio Ambiente, Cuiaba, MT (Brasil)
_94893
245 1 _aCodigo ambiental do Estado de Mato Grosso; lei complementar no. 38, 21 de novembro de 1995
260 3 _aCuiaba, MT (Brasil):
_c1995.
300 _a46 p.
650 _aLegislacao
650 _aMeio Ambiente
650 _aZoneamento Ecologico
650 _aCondicao Ambiental
650 _aHabitat
650 _aPolitica Ambiental
650 _aMato Grosso
909 _a202309
_bLucia
_c55
_dLucia Elande
942 _cBK
999 _c59993
_d59993